Voces del valle : voces que llegan desde el Cibao /
محفوظ في:
| المؤلف الرئيسي: | |
|---|---|
| مؤلفون آخرون: | , |
| التنسيق: | كتاب |
| اللغة: | Spanish |
| منشور في: |
Santo Domingo, República Dominicana :
Dirección General de la Feria del Libro,
c2005.
|
| الموضوعات: | |
| الوسوم: |
إضافة وسم
لا توجد وسوم, كن أول من يضع وسما على هذه التسجيلة!
|
MARC
| LEADER | 00000cam a2200000 a 4500 | ||
|---|---|---|---|
| 001 | 14392234 | ||
| 005 | 20180611134417.0 | ||
| 008 | 060519s2005 dr 000 0 spa | ||
| 020 | |a 9993442429 | ||
| 040 | |a DLC |c DLC | ||
| 041 | 0 | |a spa | |
| 082 | 0 | 4 | |a RD868.08 |b G993v |
| 100 | 1 | |a Guzmán, Ibeth, |d 1983- | |
| 245 | 0 | 0 | |a Voces del valle : |b voces que llegan desde el Cibao / |c Ibeth Guzmán, Taty Hernández Durán, Noé Zayas, antologadores. |
| 260 | 1 | |a Santo Domingo, República Dominicana : |b Dirección General de la Feria del Libro, |c c2005. | |
| 300 | |a 190 páginas ; |c 23 cm. | ||
| 500 | |a Donación Adriano Corrales | ||
| 650 | 0 | |a Dominican literature |z Dominican Republic |z Cibao Valley. | |
| 650 | 0 | |a Dominican literature |y 20th century. | |
| 700 | 1 | |a Hernández Durán, Taty, |d 1960- |e antologadora | |
| 700 | 1 | |a Zayas, Noé, |d 1969- |e antologador | |
| 942 | |2 ddc |c BK | ||
| 999 | |c 22015 |d 22015 | ||



